[Event "?"]
[Site "?"]
[Date "2018.01.06"]
[Round "2.1"]
[White "Erlbeck, Peter"]
[Black "Wagner, Alexander"]
[Result "0-1"]
[WhiteElo "2094"]
[BlackElo "1695"]
[PlyCount "80"]
[EventDate "2018.??.??"]
[WhiteTeam "SW Nürnberg Süd"]
[BlackTeam "SW Nürnberg Süd"]

1. e4 e5 2. Nf3 Nc6 3. Bb5 d6 4. d4 exd4 5. Nxd4 Bd7 6. Nc3 Nxd4 7. Bxd7+ Qxd7
8. Qxd4 Nf6 9. Bg5 Be7 10. O-O-O Qg4 11. Qe3 h6 12. Bf4 Nh5 13. Nd5 Nxf4 14.
Nxc7+ Kd7 15. Nxa8 Rxa8 16. g3 Ne6 17. f4 Ke8 18. Kb1 Kf8 19. h3 Qh5 20. Rd5
Qg6 21. f5 Qg5 22. Qf3 Nc7 23. h4 Qf6 24. Rd3 Qe5 25. g4 Bf6 26. c3 Re8 27. g5
hxg5 28. hxg5 Bxg5 29. Rh8+ Ke7 30. Rh7 Bh6 31. Qg4 f6 32. a4 Kd7 33. Rd4 a5
34. Qg6 Kc8 35. Qf7 Kb8 36. Qd7 Na6 37. Qxd6+ Qxd6 38. Rxd6 Nc5 39. Rd5 b6 40.
Rd4 Nxe4 0-1

[Event "?"]
[Site "?"]
[Date "2018.01.06"]
[Round "2.2"]
[White "Hahn, Thomas"]
[Black "Mantel, Ruben"]
[Result "1/2-1/2"]
[WhiteElo "1674"]
[BlackElo "2013"]
[PlyCount "38"]
[EventDate "2018.??.??"]
[WhiteTeam "Zabo-Eintracht Nürnberg"]
[BlackTeam "SC Noris-Tarrasch Nürnberg"]

1. e4 c5 2. Nf3 Nc6 3. d4 cxd4 4. Nxd4 Nf6 5. Nc3 e5 6. Ndb5 d6 7. Bg5 a6 8.
Na3 b5 9. Bxf6 gxf6 10. Nd5 f5 11. Bd3 Be6 12. Qf3 Nd4 13. Qh5 Bxd5 14. exd5 e4
15. c3 b4 16. cxd4 bxa3 17. O-O axb2 18. Rae1 Be7 19. Bb1 Qd7 1/2-1/2

[Event "?"]
[Site "?"]
[Date "2018.01.06"]
[Round "2.3"]
[White "Schöne, Steffen"]
[Black "Adelhütte, Dennis"]
[Result "0-1"]
[WhiteElo "1895"]
[BlackElo "1938"]
[PlyCount "102"]
[EventDate "2018.??.??"]
[WhiteTeam "Zabo-Eintracht Nürnberg"]
[BlackTeam "SC JÄKLECHEMIE"]

1. d4 d5 2. c4 e6 3. Nc3 c6 4. Nf3 dxc4 5. e3 b5 6. a4 Bb4 7. Bd2 a5 8. axb5
Bxc3 9. Bxc3 cxb5 10. b3 Bb7 11. bxc4 b4 12. Bb2 Nf6 13. Be2 O-O 14. O-O Nbd7
15. Nd2 Qc7 16. f4 a4 17. Rxa4 Qc6 18. Bf3 Qxa4 19. Bxb7 Qxd1 20. Rxd1 Ra2 21.
Rb1 Rb8 22. Bc6 Nb6 23. h3 Na4 24. Bxa4 Rxa4 25. e4 b3 26. Kf2 Ne8 27. e5 Nc7
28. Ke3 Na6 29. g4 Nb4 30. Ke4 Nc2 31. Kd3 Ra7 32. Kc3 Rab7 33. Kd3 Rd8 34. Ke4
f6 35. exf6 gxf6 36. Kd3 Nxd4 37. Bxd4 e5 38. Nf3 exd4 39. Nd2 b2 40. Kc2 Re8
41. Rxb2 Rxb2+ 42. Kxb2 Re3 43. Nb3 d3 44. c5 Kf7 45. f5 Rxh3 46. c6 Ke7 47.
Nc5 Rh2+ 48. Kb1 Rc2 49. Nxd3 Rxc6 50. Nf2 Rc4 51. Kb2 Rf4 0-1

[Event "?"]
[Site "?"]
[Date "2018.01.06"]
[Round "2.4"]
[White "Bauer, Karlheinz"]
[Black "Walch, Roger"]
[Result "1-0"]
[WhiteElo "2120"]
[BlackElo "1701"]
[PlyCount "71"]
[EventDate "2018.??.??"]
[WhiteTeam "SC Noris-Tarrasch Nürnberg"]
[BlackTeam "SW Nürnberg Süd"]

1. e4 e6 2. d4 d5 3. Nc3 Nf6 4. Bg5 Be7 5. e5 Nfd7 6. h4 Bxg5 7. hxg5 Qxg5 8.
Nf3 Qe7 9. Qd3 g6 10. Nb5 Nb6 11. Qc3 Na6 12. Qd2 Bd7 13. a4 Nc4 14. Bxc4 dxc4
15. c3 Bc6 16. Qf4 Kd7 17. Kf1 Bd5 18. Ng5 h6 19. Ne4 Bxe4 20. Qxe4 c6 21. Nd6
Kc7 22. Nxc4 Rad8 23. b4 f5 24. exf6 Qxf6 25. b5 Nb8 26. Ne5 Rdf8 27. Ra2 Rfg8
28. Rh3 Rg7 29. Rf3 Qg5 30. Re2 Qh5 31. Kg1 g5 32. Ng4 Qg6 33. Qe5+ Kc8 34. Rf6
Qb1+ 35. Re1 Qa2 36. Rxe6 1-0

[Event "?"]
[Site "?"]
[Date "2018.01.06"]
[Round "2.5"]
[White "Diebel, Günter"]
[Black "Rhein, Thomas"]
[Result "1-0"]
[WhiteElo "1786"]
[BlackElo "1830"]
[PlyCount "113"]
[EventDate "2018.??.??"]
[WhiteTeam "SW Nürnberg Süd"]
[BlackTeam "SW Nürnberg Süd"]

1. e4 c6 2. d4 d5 3. exd5 cxd5 4. Nc3 Bf5 5. Bb5+ Nc6 6. Nf3 a6 7. Bxc6+ bxc6
8. Ne5 Qc8 9. Qf3 Nf6 10. h3 e6 11. g4 Bg6 12. h4 Qb7 13. Qe2 h6 14. Nxg6 fxg6
15. Qxe6+ Qe7 16. Qxe7+ Bxe7 17. f3 Bb4 18. Bd2 Bxc3 19. Bxc3 O-O-O 20. Kf2
Rhe8 21. Rae1 Rxe1 22. Rxe1 Re8 23. Rxe8+ Nxe8 24. Kg3 Kd7 25. Bb4 Ke6 26. Kf4
Nc7 27. c3 Kf6 28. Bd6 Ne6+ 29. Ke3 h5 30. Be5+ Kf7 31. g5 Nf8 32. Kd3 Ne6 33.
c4 Nd8 34. b4 Nb7 35. a4 Kf8 36. c5 Nd8 37. Bc7 Ne6 38. Bd6+ Ke8 39. Be5 Kd7
40. Kc3 Kc8 41. b5 axb5 42. axb5 Kb7 43. b6 Kc8 44. Kb4 Kb7 45. Ka5 Nf8 46.
Bxg7 Ne6 47. Be5 Nf8 48. Kb4 Ne6 49. Kc3 Kc8 50. f4 Nf8 51. Kd3 Kb7 52. Ke3 Kc8
53. f5 gxf5 54. Kf4 Ng6+ 55. Kxf5 Nxh4+ 56. Ke6 Kb7 57. Kf6 1-0

[Event "?"]
[Site "?"]
[Date "2018.01.06"]
[Round "2.6"]
[White "Dyroff, Roland"]
[Black "Babichev, Vyacheslav"]
[Result "0-1"]
[WhiteElo "1814"]
[BlackElo "1831"]
[PlyCount "150"]
[EventDate "2018.??.??"]
[WhiteTeam "SW Nürnberg Süd"]
[BlackTeam "SW Nürnberg Süd"]

1. e4 g6 2. d4 Bg7 3. Nf3 d6 4. Bc4 Nf6 5. Qe2 O-O 6. c3 c6 7. Bb3 a5 8. a4 b6
9. Bc4 d5 10. exd5 cxd5 11. Bd3 Nc6 12. O-O Qc7 13. Bg5 e6 14. Na3 Na7 15. Bh4
Nh5 16. Qd2 Qf4 17. Bg5 Qxd2 18. Bxd2 Bd7 19. Nb5 Nxb5 20. axb5 Rfc8 21. Ra2 h6
22. g4 Nf6 23. Ne5 Be8 24. f3 Bf8 25. Rfa1 Rab8 26. Re1 Kg7 27. f4 Ne4 28. Bxe4
dxe4 29. Rxe4 Bxb5 30. f5 exf5 31. gxf5 g5 32. b3 f6 33. Ng4 Bd3 34. Re1 Bxf5
35. Ne3 Bg6 36. c4 Rd8 37. Bc3 Re8 38. Rae2 Kh7 39. Ng4 Rxe2 40. Rxe2 Bg7 41.
Re7 Kh8 42. d5 Rf8 43. Rb7 h5 44. Ne3 Re8 45. Kf2 Kg8 46. Rxb6 Kf7 47. Bxa5 f5
48. Rb7+ Kf8 49. Rxg7 Kxg7 50. d6 f4 51. Nd5 Bf5 52. c5 Ra8 53. b4 Ra6 54. Nb6
Kf7 55. Nd5 Bd7 56. Nb6 Ke6 57. Nc4 Bb5 58. Na3 Bd3 59. Ke1 f3 60. Kf2 g4 61.
Ke3 Be2 62. Nc2 Ra8 63. Nd4+ Kd7 64. Nxe2 Re8+ 65. Kf2 Rxe2+ 66. Kg1 Ra2 67.
Bc7 Rg2+ 68. Kh1 Rb2 69. Kg1 Rxb4 70. Bb6 h4 71. Ba5 Rb5 72. c6+ Kxc6 73. Be1
Rb1 74. Kf2 Kxd6 75. Bc3 Rh1 0-1

[Event "?"]
[Site "?"]
[Date "2018.01.06"]
[Round "2.7"]
[White "Ehmer, Marty"]
[Black "Rummel, Gerald"]
[Result "1/2-1/2"]
[WhiteElo "1637"]
[BlackElo "1776"]
[PlyCount "47"]
[EventDate "2018.??.??"]
[WhiteTeam "SW Nürnberg Süd"]
[BlackTeam "SC Anderssen"]

1. e4 e6 2. d4 d5 3. e5 c5 4. c3 Nc6 5. Nf3 Qb6 6. Bd3 cxd4 7. cxd4 Bd7 8. Bc2
Nb4 9. Na3 Nxc2+ 10. Nxc2 Bb5 11. Bd2 a5 12. Na3 Bc6 13. Rb1 Ne7 14. O-O Nf5
15. Nc2 h5 16. b4 a4 17. a3 Bb5 18. Re1 Be7 19. Rc1 Bc4 20. h3 Qa7 21. Bg5 b5
22. Bxe7 Qxe7 23. Ne3 Nxe3 24. Rxe3 1/2-1/2

[Event "?"]
[Site "?"]
[Date "2018.01.06"]
[Round "2.8"]
[White "Dreiseitel, Werner"]
[Black "Pörzgen, Michael"]
[Result "1/2-1/2"]
[WhiteElo "1571"]
[BlackElo "1729"]
[PlyCount "65"]
[EventDate "2018.??.??"]
[WhiteTeam "SW Nürnberg Süd"]
[BlackTeam "SW Nürnberg Süd"]

1. d4 Nf6 2. Bf4 e6 3. e3 d5 4. Bd3 b6 5. c3 Bd6 6. Bg3 O-O 7. Nd2 Ba6 8. Qe2
Bxd3 9. Qxd3 Nbd7 10. Bxd6 cxd6 11. Ngf3 Qe7 12. O-O Rfc8 13. e4 dxe4 14. Nxe4
Nxe4 15. Qxe4 Nf6 16. Qh4 h6 17. Rfe1 Nd5 18. Qe4 Qf6 19. g3 b5 20. a3 Nb6 21.
Re2 Nc4 22. Rc1 a6 23. Rcc2 d5 24. Qd3 Rc7 25. Ne5 Rac8 26. Kg2 Nxe5 27. Rxe5
Qd8 28. Rce2 g6 29. Qe3 Kg7 30. h4 h5 31. Qd3 Qd6 32. Qe3 a5 33. Qd2 1/2-1/2

[Event "?"]
[Site "?"]
[Date "2018.01.06"]
[Round "2.9"]
[White "Dippel, Jörg"]
[Black "Nüßlein, Christian"]
[Result "1-0"]
[WhiteElo "1805"]
[BlackElo "1929"]
[PlyCount "85"]
[EventDate "2018.??.??"]
[WhiteTeam "SC Anderssen"]
[BlackTeam "SGem Nürnberg"]

1. e4 Nf6 2. e5 Nd5 3. c4 Nb6 4. d4 d6 5. f4 e6 6. Nf3 Nc6 7. Be3 dxe5 8. fxe5
Bb4+ 9. Nc3 Bd7 10. Rc1 Bxc3+ 11. Rxc3 f6 12. Bd3 Qe7 13. a3 Na5 14. b4 Nc6 15.
O-O O-O-O 16. Qe2 Be8 17. Rd1 Bh5 18. Be4 Nb8 19. Bf4 f5 20. Bc2 Nc6 21. d5
exd5 22. c5 Nc4 23. Rxc4 dxc4 24. Bxf5+ Kb8 25. Rxd8+ Qxd8 26. Qxc4 Bxf3 27.
gxf3 Nd4 28. Be4 Rf8 29. Bg3 Nxf3+ 30. Bxf3 Rxf3 31. c6 Rd3 32. Qe6 Qd4+ 33.
Kg2 Qd5+ 34. Qxd5 Rxd5 35. Kf3 Rd8 36. Ke4 bxc6 37. e6 Re8 38. Ke5 Kc8 39. Bf2
a6 40. Bc5 Rd8 41. e7 Re8 42. Ke6 Rh8 43. Bd4 1-0

[Event "?"]
[Site "?"]
[Date "2018.01.06"]
[Round "2.11"]
[White "Paul, Arthur"]
[Black "Belich, Max"]
[Result "1/2-1/2"]
[WhiteElo "1432"]
[BlackElo "1575"]
[PlyCount "47"]
[EventDate "2018.??.??"]
[WhiteTeam "SW Nürnberg Süd"]
[BlackTeam "SW Nürnberg Süd"]

1. e4 c5 2. c3 Nc6 3. d4 cxd4 4. cxd4 e5 5. d5 Nd4 6. Nf3 Nxf3+ 7. Qxf3 Bb4+ 8.
Bd2 Qb6 9. Bxb4 Qxb4+ 10. Nd2 Qxb2 11. Qd1 Qd4 12. Rc1 Nf6 13. Rc4 Qb6 14. Be2
O-O 15. O-O d6 16. Qc2 Bd7 17. Bd3 Qd8 18. Rb4 Rc8 19. Qb2 b6 20. Ba6 Rc5 21.
Rc1 Bc8 22. Bb5 Bd7 23. Ba6 Bc8 24. Bb5 1/2-1/2

[Event "?"]
[Site "?"]
[Date "2018.01.06"]
[Round "2.12"]
[White "Leis, Stefan"]
[Black "Hauck, Martin"]
[Result "1-0"]
[WhiteElo "1967"]
[BlackElo "1440"]
[PlyCount "67"]
[EventDate "2018.??.??"]
[WhiteTeam "SC Mühlhof-Reichelsdorf"]
[BlackTeam "SC Noris-Tarrasch Nürnberg"]

1. Nf3 Nc6 2. d4 d5 3. Bf4 e6 4. e3 Bd6 5. Ne5 Qe7 6. Nd2 Nf6 7. Be2 O-O 8. O-O
Nb4 9. a3 Na6 10. b4 c6 11. Bg5 c5 12. Bxa6 cxd4 13. Bxb7 Bxb7 14. exd4 h6 15.
Bh4 g5 16. Bg3 Kg7 17. f4 Rh8 18. Qe2 a5 19. b5 Bxa3 20. fxg5 hxg5 21. Rxf6
Kxf6 22. Rf1+ Kg7 23. Rxf7+ Qxf7 24. Nxf7 Kxf7 25. Qf3+ Kg6 26. Qd3+ Kh5 27.
Be5 Be7 28. Bxh8 Rxh8 29. Qh3+ Kg6 30. Qxh8 Bf6 31. Qg8+ Kh5 32. Qf7+ Kh4 33.
Nf3+ Kg4 34. Qxf6 1-0

[Event "?"]
[Site "?"]
[Date "2018.01.06"]
[Round "2.13"]
[White "Rausch, Wolfgang sr"]
[Black "Albayrak, Aylin"]
[Result "1-0"]
[WhiteElo "1880"]
[BlackElo "1682"]
[PlyCount "75"]
[EventDate "2018.??.??"]
[WhiteTeam "SW Nürnberg Süd"]
[BlackTeam "Zabo-Eintracht Nürnberg"]

1. c4 Nf6 2. d4 d5 3. Nc3 Bg4 4. Qb3 b6 5. cxd5 a5 6. e4 e6 7. dxe6 Bxe6 8. d5
Bc8 9. Bd3 Ba6 10. Bxa6 Nxa6 11. Nge2 Nc5 12. Qc2 Bd6 13. f4 Ng4 14. O-O O-O
15. h3 Nh6 16. Be3 Re8 17. e5 Bf8 18. Bf2 g5 19. Ne4 Nxe4 20. Qxe4 f5 21. Qf3
g4 22. hxg4 Nxg4 23. Bd4 Bg7 24. Rad1 Rc8 25. Rd3 Qd7 26. Kh1 Qf7 27. Bg1 h5
28. Nd4 h4 29. Ne6 Bh6 30. Nd4 Kg7 31. Rfd1 Rh8 32. Nc6 Qh5 33. d6 cxd6 34.
Rxd6 Rxc6 35. Rxc6 h3 36. Rd7+ Kg8 37. Rc8+ Bf8 38. Qb3+ 1-0

[Event "?"]
[Site "?"]
[Date "2018.01.06"]
[Round "2.14"]
[White "Klinger, Klaus"]
[Black "Meulner, Klaus"]
[Result "0-1"]
[WhiteElo "1411"]
[BlackElo "2128"]
[PlyCount "88"]
[EventDate "2018.??.??"]
[WhiteTeam "Zabo-Eintracht Nürnberg"]
[BlackTeam "SW Nürnberg Süd"]

1. d4 g6 2. Nf3 Bg7 3. Bf4 d6 4. h3 c5 5. e3 Qb6 6. b3 Nc6 7. c3 cxd4 8. Nxd4
Nf6 9. Nxc6 bxc6 10. Qc2 Nd5 11. Bc4 Bf5 12. Qb2 Nxf4 13. exf4 d5 14. Be2 O-O
15. O-O Qc7 16. Qd2 Bh6 17. a4 Bxf4 18. Qd1 Rab8 19. b4 Be5 20. Ra3 Rfd8 21.
Bg4 Bxg4 22. Qxg4 d4 23. f4 Bf6 24. f5 dxc3 25. fxg6 hxg6 26. Nxc3 Qb6+ 27. Kh1
Qxb4 28. Qxb4 Rxb4 29. Re1 Rd3 30. Na2 Rxa3 31. Nxb4 Rxa4 32. Nxc6 e6 33. Rf1
Kg7 34. g3 Ra2 35. Nb4 Ra1 36. Rxa1 Bxa1 37. Na6 e5 38. Kg2 e4 39. Kf2 Bd4+ 40.
Ke2 f5 41. Nc7 Be5 42. Ne6+ Kf6 43. Nf4 Bxf4 44. gxf4 a5 0-1

[Event "?"]
[Site "?"]
[Date "2018.01.06"]
[Round "2.15"]
[White "Barnowski, Roman"]
[Black "Süß, Helmut"]
[Result "0-1"]
[WhiteElo "1399"]
[BlackElo "1912"]
[PlyCount "94"]
[EventDate "2018.??.??"]
[WhiteTeam "SW Nürnberg Süd"]
[BlackTeam "SC Noris-Tarrasch Nürnberg"]

1. Nf3 c5 2. d4 cxd4 3. Nxd4 Nf6 4. Bg5 Qb6 5. Nb3 g6 6. Qd4 Bg7 7. Qxb6 axb6
8. c3 O-O 9. g3 d5 10. Bg2 e6 11. N1d2 Bd7 12. O-O Bc6 13. Be3 Nbd7 14. h3 b5
15. a3 Ne5 16. f4 Nc4 17. Nxc4 bxc4 18. Nd2 Nd7 19. Nf3 Ra6 20. Bd4 Bxd4+ 21.
Nxd4 Nc5 22. Nc2 Rb6 23. Nb4 Nb3 24. Rad1 Ba4 25. e4 Nc5 26. Rde1 dxe4 27. Bxe4
Rd8 28. Rf3 Rd2 29. Rfe3 Rxb2 30. R3e2 Rxe2 31. Rxe2 Rd6 32. Kf2 f6 33. g4 Kf7
34. f5 e5 35. Bd5+ Kg7 36. Bxc4 b5 37. Bd5 h5 38. Re3 hxg4 39. hxg4 Bd1 40. Kg3
Bb3 41. Bc6 Bc4 42. Kf3 Rd1 43. Be4 Rf1+ 44. Kg2 Rf4 45. Bf3 gxf5 46. gxf5 Rxf5
47. Nd5 e4 0-1

[Event "?"]
[Site "?"]
[Date "2018.01.06"]
[Round "2.16"]
[White "Albayrak, Nese Pinar"]
[Black "Mantel, Hubert"]
[Result "1/2-1/2"]
[WhiteElo "1370"]
[BlackElo "1744"]
[PlyCount "40"]
[EventDate "2018.??.??"]
[WhiteTeam "Zabo-Eintracht Nürnberg"]
[BlackTeam "SC Noris-Tarrasch Nürnberg"]

1. e4 e6 2. d4 d5 3. Nd2 c5 4. c3 Nc6 5. Ngf3 Qb6 6. Qb3 Nf6 7. Qxb6 axb6 8.
Bd3 cxd4 9. cxd4 Nb4 10. Bb1 Nxe4 11. Nxe4 dxe4 12. Bxe4 Rxa2 13. Rxa2 Nxa2 14.
Bd2 Bb4 15. O-O O-O 16. Ra1 f5 17. Rxa2 Bxd2 18. Nxd2 fxe4 19. Nxe4 Rd8 20. f3
Bd7 1/2-1/2

[Event "?"]
[Site "?"]
[Date "2018.01.06"]
[Round "2.17"]
[White "Meyer, Robert"]
[Black "Lingl, Peter"]
[Result "1-0"]
[WhiteElo "1729"]
[BlackElo "1654"]
[PlyCount "135"]
[EventDate "2018.??.??"]
[WhiteTeam "SC Stein"]
[BlackTeam "SC JÄKLECHEMIE"]

1. Nf3 Nc6 2. d4 g6 3. e3 Bg7 4. c4 e6 5. Nc3 b6 6. Bd3 Bb7 7. a3 Nge7 8. b4 a6
9. Bb2 O-O 10. O-O Nf5 11. Qc2 Nce7 12. Be4 Bxe4 13. Nxe4 Nh6 14. c5 f5 15. Ng3
Nd5 16. Rad1 Rc8 17. Bc1 b5 18. e4 Ne7 19. Rfe1 c6 20. e5 Nd5 21. Bg5 Qe8 22.
Qc1 Nf7 23. h4 h6 24. Bd2 Qe7 25. Ne2 Kh7 26. g3 Rg8 27. Kg2 Rcf8 28. Rh1 h5
29. Ng5+ Kh8 30. Nxf7+ Rxf7 31. Bg5 Qe8 32. Qd2 Kh7 33. Ra1 Qb8 34. Rhb1 Rgf8
35. a4 Qa8 36. axb5 cxb5 37. f3 Qc6 38. Ra3 Ra8 39. Rba1 Nc7 40. Nf4 Rff8 41.
Kf2 Ra7 42. Be7 Rfa8 43. Rg1 Nd5 44. Nxd5 Qxd5 45. Rd1 a5 46. Rxa5 Rxa5 47.
bxa5 Ra6 48. Bd8 Bh6 49. f4 Bf8 50. Bb6 Bg7 51. Qe2 Qb3 52. Qd3 Qa2+ 53. Rd2
Qc4 54. Qxc4 bxc4 55. Rc2 Bf8 56. Rxc4 Be7 57. Ke3 Kg7 58. c6 dxc6 59. Rxc6 Ra8
60. Rc7 Kf8 61. Bc5 Bxc5 62. Rxc5 Ke7 63. Kd3 Kd7 64. Kc4 Rb8 65. Rb5 Rc8+ 66.
Kb4 Rc1 67. a6 Kc6 68. Rc5+ 1-0

[Event "?"]
[Site "?"]
[Date "2018.01.06"]
[Round "2.18"]
[White "Majid, Hakim"]
[Black "Wettermann, Bernd"]
[Result "0-1"]
[WhiteElo "1314"]
[BlackElo "1761"]
[PlyCount "42"]
[EventDate "2018.??.??"]
[WhiteTeam "SW Nürnberg Süd"]
[BlackTeam "Zabo-Eintracht Nürnberg"]

1. e4 e5 2. Nc3 Nf6 3. Bc4 Bc5 4. Nf3 Nc6 5. d3 d6 6. O-O Bg4 7. h3 Bh5 8. g4
Bg6 9. Bg5 Ne7 10. Nh4 Qd7 11. Qf3 h5 12. Bxf6 hxg4 13. hxg4 gxf6 14. Nxg6 fxg6
15. Kg2 O-O-O 16. Rg1 f5 17. gxf5 gxf5 18. Kf1 Rdf8 19. Rg2 fxe4 20. Qxe4 Rh1+
21. Rg1 Rxf2+ 0-1

[Event "?"]
[Site "?"]
[Date "2018.01.06"]
[Round "2.19"]
[White "Weißmann, Peter"]
[Black "Dreiseitel, Ursula"]
[Result "1/2-1/2"]
[WhiteElo "1731"]
[BlackElo "1457"]
[PlyCount "158"]
[EventDate "2018.??.??"]
[WhiteTeam "SK Zirndorf"]
[BlackTeam "SW Nürnberg Süd"]

1. e4 e6 2. d4 d5 3. e5 c5 4. c3 Nc6 5. a3 Qb6 6. Nf3 cxd4 7. cxd4 Bd7 8. b4 a6
9. Be2 Nge7 10. O-O Nf5 11. Bb2 g6 12. g4 Ng7 13. Nc3 h5 14. g5 h4 15. h3 Nf5
16. Na4 Qd8 17. Nc5 Bc8 18. Kh2 b6 19. Nb3 Be7 20. Rg1 Rh5 21. Bc1 Bb7 22. Ne1
Rh8 23. Bf4 Rc8 24. b5 axb5 25. Bxb5 Rh5 26. Qd2 Kf8 27. Nf3 Ra8 28. a4 Bb4 29.
Qb2 Qe7 30. Rgc1 Na7 31. Be2 Rh8 32. Bd2 Kg7 33. Bxb4 Qxb4 34. Rc7 Bc6 35. Qa3
Qxa3 36. Rxa3 Rhc8 37. Rxc8 Rxc8 38. Bd3 Rh8 39. a5 bxa5 40. Rxa5 Nc8 41. Rc5
Nce7 42. Na5 Ba4 43. Rc7 Bd1 44. Kg2 Bxf3+ 45. Kxf3 Nxd4+ 46. Ke3 Nef5+ 47.
Bxf5 Nxf5+ 48. Kf3 Rb8 49. Nb7 Rf8 50. Nc5 Kg8 51. Nb7 Nd4+ 52. Kg4 Nb5 53. Rc5
Nd4 54. Kxh4 Nf3+ 55. Kg4 Nxe5+ 56. Kg3 Nd7 57. Rc7 Ne5 58. f4 Nd3 59. Na5 Nb4
60. Rb7 Nd3 61. Kf3 Nc5 62. Rb5 Ne4 63. Nc6 Kg7 64. Nd4 Nd2+ 65. Ke3 Ne4 66.
Rb7 Kg8 67. Nc6 Nd6 68. Rd7 Nf5+ 69. Kf3 Ra8 70. Ne5 Rf8 71. Kf2 Ng7 72. Kf3
Nh5 73. Kg4 Ng7 74. h4 Nf5 75. Ra7 Ne3+ 76. Kf3 Nc4 77. Nxc4 dxc4 78. Rc7 Rd8
79. Rxc4 Rd3+ 1/2-1/2

[Event "?"]
[Site "?"]
[Date "2018.01.06"]
[Round "2.20"]
[White "Dietrich, Thomas"]
[Black "Hutzler, Udo"]
[Result "1-0"]
[WhiteElo "1596"]
[BlackElo "1366"]
[PlyCount "55"]
[EventDate "2018.??.??"]
[WhiteTeam "SC Anderssen"]
[BlackTeam "SK Nürnberg"]

1. e4 c6 2. d4 d5 3. e5 Bf5 4. c4 e6 5. Nc3 Bb4 6. Nf3 Ne7 7. Bd3 Bg6 8. O-O
O-O 9. Bg5 Nd7 10. cxd5 cxd5 11. Nb5 f6 12. Bh4 a6 13. Nc3 Bxc3 14. bxc3 Rc8
15. exf6 Nxf6 16. Ng5 Qd7 17. Re1 Rc6 18. Nf3 Bh5 19. Bxf6 gxf6 20. Ne5 Bxd1
21. Nxd7 Rf7 22. Raxd1 b6 23. Bxa6 Rd6 24. Bb5 Nc8 25. Rb1 Na7 26. Ba4 b5 27.
Bxb5 Nxb5 28. Nxf6+ 1-0

[Event "?"]
[Site "?"]
[Date "2018.01.06"]
[Round "2.21"]
[White "Albayrak, Melissa"]
[Black "Berg, Winfried"]
[Result "0-1"]
[WhiteElo "993"]
[BlackElo "1578"]
[PlyCount "42"]
[EventDate "2018.??.??"]
[WhiteTeam "Zabo-Eintracht Nürnberg"]
[BlackTeam "SW Nürnberg Süd"]

1. e4 d5 2. d3 dxe4 3. d4 Bf5 4. Qe2 Qxd4 5. Be3 Qxb2 6. Bd4 Qxd4 7. c3 Qb6 8.
g4 Bg6 9. Nh3 e5 10. Ng5 Nc6 11. Nxe4 Bxe4 12. Qxe4 Nf6 13. Qe3 Bc5 14. Qg3 Ne4
15. Qg2 Bxf2+ 16. Ke2 Qe3+ 17. Kd1 Rd8+ 18. Kc2 O-O 19. Nd2 Qxd2+ 20. Kb3 Qxc3+
21. Ka4 Qb4# 0-1

[Event "?"]
[Site "?"]
[Date "2018.01.06"]
[Round "2.22"]
[White "Müller, Ludwig"]
[Black "Steindl, Horst"]
[Result "1-0"]
[WhiteElo "1781"]
[BlackElo "1306"]
[PlyCount "89"]
[EventDate "2018.??.??"]
[WhiteTeam "SGem Nürnberg"]
[BlackTeam "SW Nürnberg Süd"]

1. e4 c6 2. d4 d5 3. e5 g6 4. f4 Bf5 5. Bd3 Bxd3 6. Qxd3 e6 7. Nf3 Bh6 8. Nc3
Ne7 9. g4 O-O 10. Bd2 b6 11. Ne2 Qc8 12. h4 Qa6 13. Qxa6 Nxa6 14. g5 Bg7 15.
Ng3 Nf5 16. Nxf5 exf5 17. O-O-O Nc7 18. Rh2 Ne6 19. Rdh1 a6 20. h5 Ra7 21. hxg6
fxg6 22. Rxh7 Kf7 23. c3 Raa8 24. Kc2 Rh8 25. Rxh8 Rxh8 26. Rxh8 Bxh8 27. Ng1
Bg7 28. Ne2 Bf8 29. b4 c5 30. dxc5 bxc5 31. a3 c4 32. Be3 Be7 33. Ng3 Bd8 34.
Kb2 Ke7 35. Ne2 Kd7 36. Ng1 Ke7 37. Nf3 Kf7 38. a4 Nc7 39. Bb6 Ne6 40. Bxd8
Nxd8 41. Nd4 Ne6 42. Nxe6 Kxe6 43. b5 a5 44. b6 Kd7 45. e6+ 1-0

[Event "?"]
[Site "?"]
[Date "2018.01.06"]
[Round "2.24"]
[White "Scheitler, Wolfgang"]
[Black "Walisch, Wilfried"]
[Result "1-0"]
[WhiteElo "1504"]
[BlackElo "956"]
[PlyCount "63"]
[EventDate "2018.??.??"]
[WhiteTeam "SW Nürnberg Süd"]
[BlackTeam "SW Nürnberg Süd"]

1. d4 d6 2. c4 Nf6 3. Nc3 e5 4. dxe5 dxe5 5. Qxd8+ Kxd8 6. g3 Be6 7. Bg2 Nc6 8.
b3 Bd6 9. Bb2 a6 10. O-O-O Ke7 11. Nd5+ Bxd5 12. cxd5 Nd8 13. h3 Rb8 14. Nf3 e4
15. Ng5 Rg8 16. Nxe4 Nxe4 17. Bxe4 g6 18. f4 f5 19. Bf3 b5 20. Rd3 Nf7 21. Re1
b4 22. e4 fxe4 23. Rxe4+ Kf8 24. Bg4 Re8 25. Rxe8+ Kxe8 26. Re3+ Kf8 27. Be6
Bc5 28. Re2 Bd6 29. Bd7 Be7 30. Kd2 g5 31. f5 g4 32. f6 1-0